01865cam a2200325 45000010008000000030004000080050017000120080041000290100017000700200006000870400018000930430012001110500025001230820020001481000028001682450080001962600070002763000024003463500025003704400046003955000146004415040029005875050572006166500031011889060045012199420012012649990019012769520122012959520122014171722573OSt20180116183055.0721122r1970 pk b 000 0 eng  a 72930589  a0 aDLCcDLCdDLC aa-pk---00a339.35 STU 1970bI54 a339.35 STU 19701 aKhan, Taufiq M.,ecomp.10aStudies on national income and its distribution.cEdited by Taufiq M. Khan. aKarachibPakistan Institute of Development Economics.(PIDE)c1970 a191 p.c25 cm.bPB. aRs20.00 ($8.00 U.S.) 0aReadings in development economics,vno. 5 a"All of the studies included in this volume were originally published in the Institute's quarterly journal, The Pakistan development review." aIncludes bibliographies.0 aIntroduction to the series.--Introduction by the editor.--Measurement of structural change in the Pakistan economy; a review of national-income estimates, 1949/50 to 1963/64, by Taufiq M. Khan & Asbjorn Bergan.--Personal income distribution and personal savings in Pakistan, 1963/64, by Asbjorn Bergan.--What has been happening to real wages in Pakistan?, by Azizur Rahman Khan.--Trend of real income of the rural poor in East Pakistan, 1949/66, by Swadesh R. Bose.--A comparison of the interregional purchasing power of industrial wages in Pakistan, by Abdul Ghafur. 0aNational incomezPakistan. a7bcbccorignewd4encipf19gy-gencatlg 2ddccBK c351784d351784 00102ddc40708NFICaCLbCLcGENd2016-09-06l1o339.35 STU 1970pNBSD-2828r2021-03-16s2017-08-09w2016-09-06yBK 00102ddc40708NFICaCLbCLcGENd2016-09-06l1o339.35 STU 1970pNBSD-2829r2017-11-22s2017-08-09w2016-09-06yBK